Normal view
MARC view
- PHILOSOPHY -INTRODUCTIONS
Entry Topical Term
001 - CONTROL NUMBER
- control field: 69173
003 - CONTROL NUMBER IDENTIFIER
- control field: NUST
005 - DATE AND TIME OF LATEST TRANSACTION
- control field: 20210628204201.0
008 - FIXED-LENGTH DATA ELEMENTS
- fixed length control field: 210628|| aca||aabn | a|a d
040 ## - CATALOGING SOURCE
- Original cataloging agency: NUST
- Transcribing agency: NUST
150 ## - HEADING--TOPICAL TERM
- Topical term or geographic name entry element: PHILOSOPHY -INTRODUCTIONS
670 ## - SOURCE DATA FOUND
- Source citation: Work cat.: (NUST): Avila , Mitchell, Furman , Todd .M 69172, The canon and its critics, a multi-perspective introduction to philosophy, 2000
